000 00703nam a2200253 a 4500
001 BRL_132
005 20190320210613.0
008 801215s1979 fr-a#####b---#001-0#fre-#
020 _a2851190199
040 _aDLC
_cDLC
_dDLC
041 _afre
044 _afr
050 4 _aN6999.Ch3
_b.S36 1979
100 1 _aSchmalenbach, Werner
_922997
245 1 0 _aMarc Chagall
_bde Draeger
_cWerner Schmalenbach ; Charles Sorlier.
260 _aParĂ­s
_bDraeger-Vilo
_c1979
300 _a268 p.
_bil. a color
_c31 cm.
500 _aAu171
504 _aBibliografĂ­a: p. 259-262
600 1 4 _aChagall, Marc
_d1887-1985
_922998
700 1 _aSorlier, Charles
_ecoaut.
_922999
902 _aGRL
942 _2lcc
_cB
999 _c8945
_d8945